Bajo los símbolos de la cultura [ (Record no. 23945)
[ view plain ]
| 000 -LEADER | |
|---|---|
| campo de control de longitud fija | 00845nam a2200205 i 4500 |
| 001 - NÚMERO DE CONTROL | |
| campo de control | 23945 |
| 003 - IDENTIFICADOR DE NÚMERO DE CONTROL | |
| campo de control | ES-MaACL |
| 005 - FECHA Y HORA DE LA ÚLTIMA TRANSACCIÓN | |
| campo de control | 20250809063452.0 |
| 008 - DATOS DE LONGITUD FIJA--INFORMACIÓN GENERAL | |
| campo de control de longitud fija | 020720s2018 sp a s |||| | spa d |
| 100 1# - ENTRADA PRINCIPAL--NOMBRE DE PERSONA | |
| Nombre de persona | Herrán Acebes, Alfonso |
| 9 (RLIN) | 138860 |
| 245 10 - MENCIÓN DEL TÍTULO | |
| Título | Bajo los símbolos de la cultura [ |
| Medio | Recurso electrónico] |
| Resto del título | : una techumbre para el templo del saber / |
| Mención de responsabilidad, etc. | Alfonso Herrán Acebes. |
| 260 ## - PUBLICACIÓN, DISTRIBUCIÓN, ETC. | |
| Lugar de publicación, distribución, etc. | [Madrid : |
| Nombre del editor, distribuidor, etc. | UCM, |
| Fecha de publicación, distribución, etc. | 2018] |
| 300 ## - DESCRIPCIÓN FÍSICA | |
| Extensión | [12 p. : |
| Otras características físicas | il. col. ; |
| Dimensiones | 30 cm] |
| 595 ## - | |
| -- | Publicado en la revista E-Innova BUCM, n. 68, enero-febrero 2018. |
| 600 14 - PUNTO DE ACCESO ADICIONAL DE MATERIA--NOMBRE DE PERSONA | |
| Nombre de persona | Mélida y Alinari, Arturo, |
| Fechas asociadas al nombre | 1849-1902 |
| 9 (RLIN) | 79968 |
| 610 24 - PUNTO DE ACCESO ADICIONAL DE MATERIA--NOMBRE DE ENTIDAD CORPORATIVA | |
| Nombre de entidad corporativa o nombre de jurisdicción como elemento de entrada | Ateneo de Madrid- |
| Subdivisión de forma | Historia |
| 9 (RLIN) | 1925 |
| 710 2# - ENTRADA AGREGADA--NOMBRE DE ENTIDAD CORPORATIVA | |
| Nombre de entidad corporativa o nombre de jurisdicción como elemento de entrada | Universidad Complutense de Madrid. |
| 9 (RLIN) | 7098 |
| 856 ## - LOCALIZACIÓN Y ACCESO ELECTRÓNICOS | |
| Identificador Uniforme de Recursos | <a href="http://webs.ucm.es/BUCM/revcul//e-learning-innova/209/art3128.pdf">http://webs.ucm.es/BUCM/revcul//e-learning-innova/209/art3128.pdf</a> |
| Nota pública | E-Innova BUCM |
| Estatus retirado | Estado de pérdida | Estado de daño | No para préstamo | Colección | Biblioteca de origen | Biblioteca actual | Ubicación en estantería | Fecha de adquisición | Fuente de adquisición | Total de préstamos | Signatura topográfica completa | Código de barras | Visto por última vez | Precio de reemplazo | Tipo de ítem Koha |
|---|---|---|---|---|---|---|---|---|---|---|---|---|---|---|---|
| Colección digital | Biblioteca del Ateneo de Madrid | Biblioteca del Ateneo de Madrid | Depósito | 20/09/2005 | Recurso electr�nico | 1201752 | 23/02/2023 | 23/02/2023 | Archivo de ordenador en CD-ROM, CD o disquete |
